| 000 | 00657nam a2200217Ia 4500 | ||
|---|---|---|---|
| 003 | GCL | ||
| 008 | 140319s9999 xx 000 0 ara d | ||
| 040 |
_aGCL / _cGCL |
||
| 082 | 0 | 4 |
_a610.0181 _bم ا |
| 100 | 1 | _aاسامة خالد | |
| 245 | 1 | 0 |
_aاساسيات علم التحضير النسيجى / _cاسامة خالد |
| 700 | 1 | _aمحمود محمد الطردة | |
| 700 | 1 | _aجمال محمد عثمان | |
| 700 | 1 | _aمحمد ايو دية | |
| 260 |
_a[S.N] : _bمكتبة دار الثقافة ، _c1992 |
||
| 300 | _a151 ص | ||
| 490 | _a | ||
| 650 | 0 | 4 | _aالانسجة |
| 650 | 0 | 4 | _aالاعضاء والانسجة |
| 942 |
_2ddc _cBK |
||
| 999 |
_c36282 _d36282 |
||